| 000 | 00651nam a2200193Ia 4500 | ||
|---|---|---|---|
| 003 | GCL | ||
| 008 | 140319s9999 xx 000 0 ara d | ||
| 040 |
_aGCL / _cGCL |
||
| 082 | 0 | 4 |
_a819.9 _bع ا |
| 100 | 1 | _aعباس محمود العقاد | |
| 245 | 1 | 0 |
_aابو نواس : الحسن بن هانى دراسة فى التحليل النفسانى والنقد التاريخى / _cعباس محمود العقاد |
| 300 | _a196 ص | ||
| 490 | _a | ||
| 650 | 0 | 4 | _aالادب العربى |
| 650 | 0 | 4 | _aابونواس، الحسن بن هانى |
| 650 | 0 | 4 | _aعباس محمود العقاد |
| 650 | 0 | 4 | _aتاريخ ونقد |
| 942 |
_2ddc _cBK |
||
| 999 |
_c39505 _d39505 |
||